Normal view
MARC view
Entry Personal Name
001 - CONTROL NUMBER
- control field: 46031
003 - CONTROL NUMBER IDENTIFIER
- control field: dpl
005 - DATE AND TIME OF LATEST TRANSACTION
- control field: 20120430120412.0
008 - FIXED-LENGTH DATA ELEMENTS
- fixed length control field: 120430|||a|||||| | ||| d
040 ## - CATALOGING SOURCE
- Original cataloging agency: dpl
- Transcribing agency: dpl
100 ## - HEADING--PERSONAL NAME
- Personal name: Borgohain, Bani
670 ## - SOURCE DATA FOUND
- Source citation: Work cat.: (dpl): Borgohain, Bani, Human rights social justice and political challenge /, 1999
670 ## - SOURCE DATA FOUND
- Source citation: Work cat.: (dpl): Borgohain, Bani, Human rights social justice and political challenge /, 1999
